000
00210 a2200097 4500
001
52960
100
_a
Fatehullah Khan
245
_a
God Univers & Man
260
_a
Lahore
_b
Wajidalis
_c
090
_c
33290
_d
33290
942
_a
NUST-CAE
_c
M
_c
25881
999
_c
288033
_d
288033